Superhero Movies With Man in the Title - Statistics

General Stats
  • This quiz has been taken 62 times
    11 since last reset
  • The average score is 26 of 83
Answer Stats
Year Movie % Correct
2008 Iron Man
90%
1989 Batman
80%
1966 Batman: The Movie
80%
2010 Iron Man 2
80%
2013 Iron Man 3
80%
2012 The Amazing Spider-Man
80%
2022 The Batman
80%
2015 Ant-Man
70%
2018 Ant-Man and the Wasp
70%
2002 Spider-Man 2
70%
2004 Spider-Man 2
70%
2007 Spider-Man 3
70%
2019 Spider-Man: Far From Home
70%
2017 Spider-Man: Homecoming
70%
2021 Spider-Man: No Way Home
70%
2023 Ant-Man and the Wasp: Quantumania
60%
2018 Aquaman
60%
2025 Superman
60%
1978 Superman: The Movie
60%
2014 The Amazing Spider-Man 2
60%
2017 Wonder Woman
60%
2005 Batman Begins
50%
2018 Spider-Man: Into the Spider-Verse
50%
2003 X-2: X-Men United
50%
2000 X-Men
50%
1997 Batman and Robin
40%
1995 Batman Forever
40%
1992 Batman Returns
40%
2023 Spider-Man: Across the Spider-Verse
40%
1980 Superman II
40%
1983 Superman III
40%
1987 Superman IV: The Quest For Peace
40%
2006 Superman Returns
40%
2020 Wonder Woman 1984
40%
2019 X-Men: Dark Phoenix
40%
2014 X-Men: Days of Future Past
40%
2009 X-Men Origins: Wolverine
40%
2006 X-Men: The Last Stand
40%
2023 Aquaman and the Lost Kingdom
30%
2004 Catwoman
30%
2013 Man of Steel
30%
2025 Spider-Man: Beyond the Spider-Verse
30%
2016 X-Men: Apocalypse
30%
2011 X-Men: First Class
30%
2005 Man-Thing
20%
1984 Supergirl
20%
2017 The Lego Batman Movie
20%
N/A Batgirl
10%
1993 Batman: Mask of the Phantasm
10%
2017 Kingsman: The Golden Circle
10%
2014 Kingsman: The Secret Service
10%
1997 Men in Black
10%
2012 Men in Black 3
10%
2002 Men in Black II
10%
2019 Men in Black: International
10%
2021 The King's Man
10%
2009 Watchmen
10%
1977 Abar, the First Black Superman
0%
1994 Blankman
0%
1981 Condorman
0%
1990 Darkman
0%
1993 Demolition Man
0%
1975 Doc Savage: The Man of Bronze
0%
1977 Exo-Man
0%
2000 G-Men From Hell
0%
2004 Hellboy
0%
2019 Hellboy
0%
2008 Hellboy II: The Golden Army
0%
2024 Hellboy: The Crooked Man
0%
2024 Madame Web
0%
1999 Mystery Men
0%
2014 Sin City: A Dame to Kill For
0%
2026 Supergirl: Woman of Tomorrow
0%
1951 Superman and the Mole Men
0%
1993 Super Mario Bros.
0%
1995 Tank Girl
0%
2025 The Batman: Part II
0%
1984 The Brother From Another Planet
0%
2003 The League of Extraordinary Gentlemen
0%
1993 The Meteor Man
0%
1946 The Missing Lady
0%
1966 The Wild World of Batwoman
0%
2002 Undercover Brother
0%
No matching quizzes found
Score Distribution
Percent of People with Each Score
Percentile by Number Answered
Your Score History
You have not taken this quiz since the last reset